Liberalizacija cen v Vostočnoj Jevrope: problemy i perspektivy.
Spoločensko-ekonomické predpoklady a základné tendencie radikálnych hospodárskych reforiem vo východnej Európe. Prax liberalizácie cien v Maďarsku, Československu, Juhoslávii, Poľsku, Rumunsku a Bulharsku. Dosiahnuté výsledky a bariéry liberálnych reforiem. Pokles výroby a problémy realizácie "šokov...
Uložené v:
| Médium: | Kapitola |
|---|---|
| Jazyk: | Russian |
| Predmet: | |
| Tagy: |
Žiadne tagy, Buďte prvý, kto otaguje tento záznam!
|
MARC
| LEADER | 00000naa a2200000 4500 | ||
|---|---|---|---|
| 001 | r010448 | ||
| 005 | 20221208123259.0 | ||
| 041 | 0 | |a rus | |
| 044 | |a [SU] | ||
| 245 | 1 | 0 | |a Liberalizacija cen v Vostočnoj Jevrope: problemy i perspektivy. |
| 520 | |a Spoločensko-ekonomické predpoklady a základné tendencie radikálnych hospodárskych reforiem vo východnej Európe. Prax liberalizácie cien v Maďarsku, Československu, Juhoslávii, Poľsku, Rumunsku a Bulharsku. Dosiahnuté výsledky a bariéry liberálnych reforiem. Pokles výroby a problémy realizácie "šokovej terapie". | ||
| 610 | 2 | 0 | |a ceny |
| 610 | 2 | 0 | |a liberalizácia |
| 610 | 2 | 0 | |a reformy hospodárske |
| 610 | 2 | 0 | |a východná Európa |
| 610 | 2 | 0 | |a MR |
| 610 | 2 | 0 | |a ČSFR |
| 610 | 2 | 0 | |a PR |
| 610 | 2 | 0 | |a BR |
| 610 | 2 | 0 | |a RR |